Mathematical Analysis: (Record no. 196844)
[ view plain ]
| 000 -LEADER | |
|---|---|
| fixed length control field | 00558nam a22001817a 4500 |
| 005 - DATE AND TIME OF LATEST TRANSACTION | |
| control field | 20231205152549.0 |
| 010 ## - LCCN (DPL NO) | |
| LC control number | ENG-137379 |
| 020 ## - INTERNATIONAL STANDARD BOOK NUMBER | |
| International Standard Book Number | 9789380599274 |
| Terms of availability | 300.00 |
| 035 ## - SYSTEM CONTROL NUMBER | |
| System control number | EN-120911 |
| 037 ## - SOURCE OF ACQUISITION | |
| Source of stock number/acquisition | DBAD/PUB |
| 082 ## - DEWEY DECIMAL CLASSIFICATION NUMBER | |
| Classification number | 510 |
| 100 ## - MAIN ENTRY--PERSONAL NAME | |
| Personal name | Bandyopadhyay, Sitansu |
| 245 ## - TITLE STATEMENT | |
| Title | Mathematical Analysis: |
| Remainder of title | Problems and Solutions/ |
| Statement of responsibility, etc | By Sitansu Bandyopadhyay |
| 260 ## - PUBLICATION, DISTRIBUTION, ETC. (IMPRINT) | |
| Place of publication, distribution, etc | Kolkata |
| Name of publisher, distributor, etc | Academic Publishers |
| Date of publication, distribution, etc | 2011 |
| 270 ## - ADDRESS | |
| Address | 5A, Bhawani Dutta Lane, |
| City | Kolkata |
| Postal code | 700009 |
| 300 ## - PHYSICAL DESCRIPTION | |
| Extent | 552p. ; |
| Dimensions | 23cm (pbk) |
| 942 ## - ADDED ENTRY ELEMENTS (KOHA) | |
| Source of classification or shelving scheme | Dewey Decimal Classification |
| Item type | English Books |
| Classification part | 510 |
| Call number suffix | BAN |
| Withdrawn status | Lost status | Not for loan | Collection code | Home library | Current library | Date acquired | Source of acquisition | Cost, normal purchase price | Full call number | Barcode | Copy number | Cost, replacement price | Koha item type |
|---|---|---|---|---|---|---|---|---|---|---|---|---|---|
| Non-fiction | Vinoba Puri | Vinoba Puri | 01/08/2023 | DBAD/PUB | 300.00 | 510 BAN | EN-120911 | 1 | 300.00 | English Books |
